000
00275nam a22001217a 4500
008
170516b xxu||||| |||| 00| 0 eng d
041
_a
eng
080
_a
94
100
_a
16
101
_a
SHH
245
_a
KINDHEIT ANM SPIGELGRUND HISTORICHE
_c
MALINA.P
942
_2
udc
_c
BK
999
_c
13398
_d
13398